| 000 -LEADER |
| fixed length control field |
01179nam a22002297 4500 |
| 003 - CONTROL NUMBER IDENTIFIER |
| control field |
AR-BaISA |
| 005 - DATE AND TIME OF LATEST TRANSACTION |
| control field |
20231009160438.0 |
| 007 - PHYSICAL DESCRIPTION FIXED FIELD--GENERAL INFORMATION |
| fixed length control field |
ta |
| 008 - FIXED-LENGTH DATA ELEMENTS--GENERAL INFORMATION |
| fixed length control field |
220915s1992 ag |||| |||| 000 0 spa d |
| 020 ## - INTERNATIONAL STANDARD BOOK NUMBER |
| International Standard Book Number |
9789501239874 |
| 040 ## - CATALOGING SOURCE |
| Language of cataloging |
spa |
| Transcribing agency |
AR-BaISA |
| 082 04 - DEWEY DECIMAL CLASSIFICATION NUMBER |
| Edition number |
22 |
| Classification number |
150.195 L115 |
| 100 1# - MAIN ENTRY--PERSONAL NAME |
| 9 (RLIN) |
2316 |
| Personal name |
Lacan, Jacques |
| 243 13 - COLLECTIVE UNIFORM TITLE |
| Unifor title |
El seminario de Jacques Lacan |
| 245 13 - TITLE STATEMENT |
| Title |
Libro 17: |
| Remainder of title |
el reverso del psicoanálisis 1969-1970 |
| 260 ## - PUBLICATION, DISTRIBUTION, ETC. |
| Place of publication, distribution, etc. |
Buenos Aires: |
| Name of publisher, distributor, etc. |
Paidós, |
| Date of publication, distribution, etc. |
1992 |
| 300 ## - PHYSICAL DESCRIPTION |
| Extent |
231 p. |
| 505 ## - FORMATTED CONTENTS NOTE |
| Title |
Producción de los cuatro discursos -- |
| -- |
EJES DE LA SUBVERSIÓN ANALÍTICA: |
| -- |
El amo y la histérica -- |
| -- |
Saber, medio de goce -- |
| -- |
Verdad, hermana de goce -- |
| -- |
El campo lacaniano |
| -- |
MÁS ALLÁ DEL COMPLEJO DE EDIPO: |
| -- |
El amo castrado -- |
| -- |
Edipo, Moisés y el padre de la horda -- |
| -- |
Del mito a la estructura -- |
| -- |
La feroz ignorancia de Yahvé |
| -- |
EL REVERSO DE LA VIDA COTIDIANA: |
| -- |
Conversación en los escalones del Panteón -- |
| -- |
Los surcos de la aletosfera -- |
| -- |
La impotencia de la verdad -- |
| -- |
El poder de los imposibles -- |
| -- |
Anexo A: Analiticón -- |
| -- |
Anexo B: Exposición del señor Caquot |
| 600 10 - SUBJECT ADDED ENTRY--PERSONAL NAME |
| 9 (RLIN) |
2316 |
| Personal name |
Lacan, Jacques |
| 650 10 - SUBJECT ADDED ENTRY--TOPICAL TERM |
| 9 (RLIN) |
141 |
| Topical term or geographic name entry element |
Psicoanálisis |
| 942 ## - ADDED ENTRY ELEMENTS (KOHA) |
| Source of classification or shelving scheme |
|
| Koha item type |
Libros |
| Edition |
22 |